Kraje kończonce się na stan - Statystyki

Ogólne statystyki
  • Ten quiz został rozwiązany 124 razy
  • Średni wynik to 5 z 7
Statystyki odpowiedzi
Odpowiedź % Poprawnych
Pakistan
84%
Tadżykistan
83%
Uzbekistan
80%
Turkmenistan
79%
Afganistan
75%
Kirgistan
71%
Kazachstan
70%
Nie znaleziono quizów pasujących do podanych kryteriów
Rozkład punktacji
Procent ludzi z każdym wynikiem
Percentyl według liczby udzielonych odpowiedzi
Twoja historia wyników
Nie rozwiązałeś tego quizu